Uveal non-Hodgkin's lymphoma with epibulbar extension simulating choroidal effusion syndrome
Saved in:
| Main Authors: | , , , , |
|---|---|
| Format: | Article (Journal) |
| Language: | English |
| Published: |
[1999]
|
| In: |
Retina
Year: 1999, Volume: 19, Issue: 4, Pages: 343-345 |
| ISSN: | 1539-2864 |
| Online Access: | Verlag, lizenzpflichtig, Volltext: https://journals.lww.com/retinajournal/Citation/1999/19040/UVEAL_NON_HODGKIN_S_LYMPHOMA_WITH_EPIBULBAR.15.aspx |
| Author Notes: | Frank G. Holz, MD, Hubertus V. Boehmer, MD, Gunhild Mechtersheimer, MD, German Ott, MD, Hans Eberhard Völcker, MD |
MARC
| LEADER | 00000caa a2200000 c 4500 | ||
|---|---|---|---|
| 001 | 1750116650 | ||
| 003 | DE-627 | ||
| 005 | 20220819123335.0 | ||
| 007 | cr uuu---uuuuu | ||
| 008 | 210302s1999 xx |||||o 00| ||eng c | ||
| 035 | |a (DE-627)1750116650 | ||
| 035 | |a (DE-599)KXP1750116650 | ||
| 035 | |a (OCoLC)1341396607 | ||
| 040 | |a DE-627 |b ger |c DE-627 |e rda | ||
| 041 | |a eng | ||
| 084 | |a 33 |2 sdnb | ||
| 100 | 1 | |a Holz, Frank G. |d 1962- |e VerfasserIn |0 (DE-588)114875855 |0 (DE-627)549545182 |0 (DE-576)289811589 |4 aut | |
| 245 | 1 | 0 | |a Uveal non-Hodgkin's lymphoma with epibulbar extension simulating choroidal effusion syndrome |c Frank G. Holz, MD, Hubertus V. Boehmer, MD, Gunhild Mechtersheimer, MD, German Ott, MD, Hans Eberhard Völcker, MD |
| 264 | 1 | |c [1999] | |
| 300 | |a 3 | ||
| 336 | |a Text |b txt |2 rdacontent | ||
| 337 | |a Computermedien |b c |2 rdamedia | ||
| 338 | |a Online-Ressource |b cr |2 rdacarrier | ||
| 500 | |a Gesehen am 02.03.2021 | ||
| 700 | 1 | |a Boehmer, Hubertus von |d 1963- |e VerfasserIn |0 (DE-588)1228354308 |0 (DE-627)1750117606 |4 aut | |
| 700 | 1 | |a Mechtersheimer, Gunhild |e VerfasserIn |0 (DE-588)1021953024 |0 (DE-627)715842595 |0 (DE-576)170441598 |4 aut | |
| 700 | 1 | |a Ott, German |e VerfasserIn |4 aut | |
| 700 | 1 | |a Völcker, Hans Eberhard |d 1943- |e VerfasserIn |0 (DE-588)107745676X |0 (DE-627)836712927 |0 (DE-576)446290807 |4 aut | |
| 773 | 0 | 8 | |i Enthalten in |t Retina |d Philadelphia, Pa. [u.a.] : Lippincott, Williams & Wilkins, 1981 |g 19(1999), 4, Seite 343-345 |h Online-Ressource |w (DE-627)341912247 |w (DE-600)2071014-8 |w (DE-576)103373586 |x 1539-2864 |7 nnas |a Uveal non-Hodgkin's lymphoma with epibulbar extension simulating choroidal effusion syndrome |
| 773 | 1 | 8 | |g volume:19 |g year:1999 |g number:4 |g pages:343-345 |g extent:3 |a Uveal non-Hodgkin's lymphoma with epibulbar extension simulating choroidal effusion syndrome |
| 856 | 4 | 0 | |u https://journals.lww.com/retinajournal/Citation/1999/19040/UVEAL_NON_HODGKIN_S_LYMPHOMA_WITH_EPIBULBAR.15.aspx |x Verlag |z lizenzpflichtig |3 Volltext |
| 951 | |a AR | ||
| 992 | |a 20210302 | ||
| 993 | |a Article | ||
| 994 | |a 1999 | ||
| 998 | |g 107745676X |a Völcker, Hans Eberhard |m 107745676X:Völcker, Hans Eberhard |d 910000 |d 910900 |e 910000PV107745676X |e 910900PV107745676X |k 0/910000/ |k 1/910000/910900/ |p 5 |y j | ||
| 998 | |g 1021953024 |a Mechtersheimer, Gunhild |m 1021953024:Mechtersheimer, Gunhild |d 910000 |d 912000 |d 50000 |e 910000PM1021953024 |e 912000PM1021953024 |e 50000PM1021953024 |k 0/910000/ |k 1/910000/912000/ |k 0/50000/ |p 3 | ||
| 998 | |g 1228354308 |a Boehmer, Hubertus von |m 1228354308:Boehmer, Hubertus von |d 910000 |d 950000 |d 950950 |e 910000PB1228354308 |e 950000PB1228354308 |e 950950PB1228354308 |k 0/910000/ |k 1/910000/950000/ |k 2/910000/950000/950950/ |p 2 | ||
| 998 | |g 114875855 |a Holz, Frank G. |m 114875855:Holz, Frank G. |d 910000 |d 910900 |e 910000PH114875855 |e 910900PH114875855 |k 0/910000/ |k 1/910000/910900/ |p 1 |x j | ||
| 999 | |a KXP-PPN1750116650 |e 3879906130 | ||
| BIB | |a Y | ||
| SER | |a journal | ||
| JSO | |a {"name":{"displayForm":["Frank G. Holz, MD, Hubertus V. Boehmer, MD, Gunhild Mechtersheimer, MD, German Ott, MD, Hans Eberhard Völcker, MD"]},"note":["Gesehen am 02.03.2021"],"relHost":[{"note":["Gesehen am 11.06.2019"],"recId":"341912247","origin":[{"dateIssuedDisp":"1981-","publisher":"Lippincott, Williams & Wilkins ; Ovid","dateIssuedKey":"1981","publisherPlace":"Philadelphia, Pa. [u.a.] ; [Erscheinungsort nicht ermittelbar]"}],"title":[{"subtitle":"the journal of retinal and vitreous diseases","title_sort":"Retina","title":"Retina"}],"disp":"Uveal non-Hodgkin's lymphoma with epibulbar extension simulating choroidal effusion syndromeRetina","pubHistory":["1.1981 -"],"language":["eng"],"id":{"eki":["341912247"],"zdb":["2071014-8"],"issn":["1539-2864"]},"physDesc":[{"extent":"Online-Ressource"}],"type":{"media":"Online-Ressource","bibl":"periodical"},"part":{"extent":"3","volume":"19","text":"19(1999), 4, Seite 343-345","issue":"4","year":"1999","pages":"343-345"}}],"language":["eng"],"type":{"bibl":"article-journal","media":"Online-Ressource"},"title":[{"title_sort":"Uveal non-Hodgkin's lymphoma with epibulbar extension simulating choroidal effusion syndrome","title":"Uveal non-Hodgkin's lymphoma with epibulbar extension simulating choroidal effusion syndrome"}],"recId":"1750116650","physDesc":[{"extent":"3 S."}],"id":{"eki":["1750116650"]},"person":[{"given":"Frank G.","family":"Holz","role":"aut","display":"Holz, Frank G."},{"family":"Boehmer","given":"Hubertus von","display":"Boehmer, Hubertus von","role":"aut"},{"role":"aut","display":"Mechtersheimer, Gunhild","given":"Gunhild","family":"Mechtersheimer"},{"given":"German","family":"Ott","role":"aut","display":"Ott, German"},{"display":"Völcker, Hans Eberhard","role":"aut","family":"Völcker","given":"Hans Eberhard"}],"origin":[{"dateIssuedKey":"1999","dateIssuedDisp":"[1999]"}]} | ||
| SRT | |a HOLZFRANKGUVEALNONHO1999 | ||